№ 7; Информатика и образование

Bibliographic Details
Parent link:Информатика и образование: научно-методический журнал. № 7.— , 1990-.— 0234-0453
Language:Russian
Published: 2012
Format: Book
KOHA link:https://koha.lib.tpu.ru/cgi-bin/koha/opac-detail.pl?biblionumber=486839

MARC

LEADER 00000nam2a2200000 4500
001 486839
005 20231101094941.0
035 |a (RuTPU)RU\TPU\prd\154877 
090 |a 486839 
100 |a 20121016a20129999k y0rusy50 ca 
101 0 |a rus 
102 |a RU 
200 0 |a № 7 
210 |d 2012 
461 1 |0 (RuTPU)RU\TPU\prd\1519  |x 0234-0453  |t Информатика и образование  |o научно-методический журнал  |v № 7  |d 1990- 
801 0 |a RU  |b 63413507  |c 20010227  |g PSBO 
801 1 |a RU  |b 63413507  |c 20121016 
801 2 |a RU  |b 63413507  |c 20201201  |g RCR 
942 |c BK 
999 |a НТБ_ТПУ  |b НФ  |e -1/20120110  |p П-5663  |s 2/20120425  |u 0,00  |v 1